| 000 | 02371nam0a2200409 i 4500 | ||
|---|---|---|---|
| 001 | RU\NLR\BIBL_A\010461461 | ||
| 005 | 20260407090009.0 | ||
| 010 |
_a9785873179770 _9300 |
||
| 021 |
_aRU _b2014-49776 _93009 |
||
| 035 | _a(NILC)RuMoRGB-007518592 | ||
| 035 | _a(NLR Aleph) 010461461 | ||
| 090 |
_a9978454 _c9978454 |
||
| 100 | _a20140912d2014 km y0rusy50 ca | ||
| 101 | 0 | _arus | |
| 102 | _aRU | ||
| 105 | _aa|||z|||001yy | ||
| 200 | 1 |
_aЭкология внутренних вод Вьетнама _f[Павлов Д.С., Зворыкин Д.Д., Комов В.Т. и др.] _gпод ред. Д.С. Павлова, Д.Д. Зворыкина _gРос. акад. наук, Ин-т проблем экологии и эволюции им. А.Н. Северцова [и др.] |
|
| 210 |
_aМосква _cТоварищество научных изданий КМК _d2014 |
||
| 215 |
_a435 с., [23] л. цв. ил., карт. _cил. _d23 |
||
| 300 | _aВ надзаг. также: Ин-т биологии внутрен. вод им. И.Д. Папанина, Совмест. рос.-вьет. троп. науч.-исслед. и технол. центр | ||
| 300 | _aАвт. указаны в содерж. | ||
| 320 | _aБиблиогр.: с. 393-435 | ||
| 606 | 1 |
_aВодоемы внутренние _xЭкология _yВьетнам _92231259 _3RU\NLR\AUTH\6601571668 |
|
| 606 | 1 |
_aВодоемы внутренние _xГидрохимия _yВьетнам _92231255 _3RU\NLR\AUTH\6601571666 |
|
| 686 | 1 | _aД226.129(57В) | |
| 686 | 1 | _aЕ082.41(57В) | |
| 701 | 1 |
_aПавлов _bД. С. _f1938- _gДмитрий Сергеевич |
|
| 701 | 1 |
_aЗворыкин _bД. Д. _gДмитрий Дмитриевич |
|
| 701 | 1 |
_aКомов _bВ.Т. |
|
| 712 | 0 | 2 |
_4570 _aИнститут проблем экологии и эволюции им. А. Н. Северцова _cМосква _3RU\NLR\AUTH\8813517 _9300045 |
| 712 | 0 | 2 |
_4570 _aСовместный российско-вьетнамский тропический научно-исследовательский и технологический центр _cХаной _3RU\NLR\AUTH\8810008082 _9513903 |
| 801 | 0 |
_aRU _bРГБ _c20140709 _gRCR |
|
| 801 | 1 |
_aRU _bРГБ _c20140709 _2rusmarc |
|
| 942 | _cBOOK | ||
| 980 | _aNBR | ||